000 01208nam a2200277 a 4500
003 OSt
005 20240222114330.0
007 cr ||||||a|c|a
008 231124s2019 mx a|||fom||| 001 0 spa d
040 _erda
100 1 _9188299
_aAlfaro Morales, Ángel Miqueas
245 1 0 _aEfecto de diferentes coadyuvantes en la selectividad de bentazona en frijol (Phaseulos vulgaris L. ) /
_cpor Ángel Miqueas Alfaro Morales : director de tesis Roberto Abraham Ocampo Ruiz.
264 1 _aChapingo, México :
_bEl autor,
_c2019.
300 _a1 recurso en línea ( 39 páginas):
_btablas, figuras.
336 _2rdacontent
_atexto
_btxt
337 _2rdamedia
_acomputadora
_bc
338 _2rdacarrier
_arecurso en línea
_bcr
502 _bIAEPA
_cParasitología
_d2019.
_gLIC
504 _aIncluye referencias bibliográficas: páginas 31-33.
650 4 _9133010
_aHerbicidas
_xCoadyuvantes
650 4 _9137091
_aHerbicidas
_xEfecto en frijol
650 4 _953700
_aHerbicidas
_xToxicidad
700 1 _982612
_aOcampo Ruiz, Roberto Abraham
_eDirector de tesis.
856 _uhttp://10.13.5.2/tesis/tl/Alfaro_Morales_Angel_Miqueas.pdf
_zDESCARGAR PDF
942 _2Clasificación Universidad Autónoma Chapingo
_cTD
999 _c219446
_d219446